000 00262 a2200109 4500
001 12716
082 _a355.00947ODO
090 _c9714
_d9714
100 _aOdom William.E
245 _aCollapse of the Soviet Military.
260 _aLONDON
_bYale college
_c1998
942 _aNUST-CAE
_k355.00947ODO
999 _c247789
_d247789